| 000 | 01454nam a2200361Ia 4500 | ||
|---|---|---|---|
| 001 | ebr10054189 | ||
| 003 | CaPaEBR | ||
| 006 | m u | ||
| 007 | cr cn||||||||| | ||
| 008 | 990914s2000 enk sb 001 0 eng d | ||
| 010 | _z 99048142 | ||
| 020 | _z0203141571 | ||
| 020 | _z0415174724 (hb. : alk. paper) | ||
| 020 | _z0415174732 (pbk. : alk. paper) | ||
| 040 |
_aCaPaEBR _cCaPaEBR |
||
| 035 | _a(OCoLC)84375390 | ||
| 050 | 1 | 4 |
_aJA86 _b.R68 2000eb |
| 082 | 0 | 4 |
_a320 _221 |
| 245 | 0 | 4 |
_aThe Routledge reader in politics and performance _h[electronic resource] / _cedited by Lizbeth Goodman and Jane De Gay. |
| 260 |
_aLondon ; _aNew York : _bRoutledge, _c2000. |
||
| 300 | _axxvii, 322 p. | ||
| 504 | _aIncludes bibliographical references (p. 299-312) and index. | ||
| 533 |
_aElectronic reproduction. _bPalo Alto, Calif. : _cebrary, _d2009. _nAvailable via World Wide Web. _nAccess may be limited to ebrary affiliated libraries. |
||
| 650 | 0 | 0 |
_aPolitical science _xPhilosophy. |
| 650 | 0 | 0 |
_aPolitical science _xHistory _vSources. |
| 650 | 0 | 0 |
_aPerformance art _xPolitical aspects _zUnited States. |
| 650 | 0 | 0 |
_aTheater _xPolitical aspects _zUnited States. |
| 655 | 7 |
_aElectronic books. _2local |
|
| 700 | 1 |
_aGoodman, Lizbeth, _d1964- |
|
| 700 | 1 |
_aDe Gay, Jane, _d1966- |
|
| 710 | 2 | _aebrary, Inc. | |
| 856 | 4 | 0 |
_uhttp://site.ebrary.com/lib/rucke/Doc?id=10054189 _zAn electronic book accessible through the World Wide Web; click to view |
| 999 |
_c65205 _d65205 |
||